[Event "FH 0"]
[Site "SchemingMind.com"]
[Date "2022.02.06"]
[Round "-"]
[White "demitri"]
[Black "Kenny Elliott"]
[Result "0-1"]
[WhiteCountry "USA"]
[BlackCountry "USA"]
[WhiteElo "1677"]
[WhiteRD "83"]
[BlackElo "1538"]
[BlackRD "73"]
[GameID "720431"]

1. e4 c5 2. Nf3 d6 3. Bc4 Bg4 4. Bxf7+ Kxf7 5. Ng5+ Ke8 6. Qxg4 Nf6 7. Qe6 Qd7 8. Qf7+ Kd8 9. Ne6+ Kc8 10. Nxf8 Rxf8
11. Qxf8+ Ne8 12. Nc3 Kd8 13. O-O Qe6 14. d3 Nd7 15. f4 Nxf8 16. f5 Qe5 17. Rf3 Qd4+ 18. Be3 Qf6 19. Nd5 Qxb2 20. Raf1 Nd7
21. Bg5 Ndf6 22. Nf4 Nc7 23. c4 h6 24. Bh4 b5 25. cxb5 Qxa2 26. Rg3 Qf7 27. Ng6 Nxb5
0-1

[Event "FH 0"]
[Site "SchemingMind.com"]
[Date "2022.02.06"]
[Round "-"]
[White "Derek Price"]
[Black "demitri"]
[Result "1-0"]
[WhiteCountry "ENG"]
[BlackCountry "USA"]
[WhiteElo "2344"]
[WhiteRD "73"]
[BlackElo "1768"]
[BlackRD "87"]
[GameID "720432"]

1. c4 Nf6 2. g3 e5 3. Bg2 Nc6 4. Nc3 Be7 5. Nf3 O-O 6. O-O d6 7. d3 Bd7 8. b3 a6 9. Bb2 Rb8 10. Nd2 Nd4
11. e3 c6 12. exd4 exd4 13. Ne2 c5 14. Nf4 b5 15. Re1 Re8 16. Ne4 Nxe4 17. Rxe4 Bc6 18. Rxe7 Qxe7 19. Bxc6 Rec8 20. Bd5
1-0

[Event "FH 0"]
[Site "SchemingMind.com"]
[Date "2022.02.06"]
[Round "-"]
[White "demitri"]
[Black "grabapawn"]
[Result "0-1"]
[WhiteCountry "USA"]
[BlackCountry "USA"]
[WhiteElo "1768"]
[WhiteRD "87"]
[BlackElo "1550"]
[BlackRD "70"]
[GameID "720433"]

1. e4 d6 2. Nf3 Nf6 3. Bc4 e6 4. O-O Nbd7 5. d4 Be7 6. Bd3 e5 7. Nc3 c6 8. Bg5 Qc7 9. Re1 Nf8 10. Rc1 h6
11. Bh4 g5 12. Bg3 Nh5 13. dxe5 Nxg3 14. exd6 Bxd6 15. hxg3 Ng6 16. Qe2 Bg4 17. Qe3 O-O-O 18. Nd2 b6 19. Ba6+ Kb8 20. Nc4 Bc5
0-1

[Event "FH 0"]
[Site "SchemingMind.com"]
[Date "2022.02.08"]
[Round "-"]
[White "Michael Christensen"]
[Black "demitri"]
[Result "1-0"]
[WhiteCountry "GER"]
[BlackCountry "USA"]
[WhiteElo "1796"]
[WhiteRD "85"]
[BlackElo "1677"]
[BlackRD "83"]
[GameID "720434"]

1. d4 Nf6 2. Nc3 e6 3. Bg5 Be7 4. e4 O-O 5. Qf3 Nc6 6. O-O-O d5 7. exd5 Nxd5 8. h4 Nxc3 9. Qxc3 h6 10. f4 hxg5
11. hxg5 Bd6 12. Ne2 Bb4 13. Qh3 f5 14. g6
1-0

[Event "FH 0"]
[Site "SchemingMind.com"]
[Date "2022.02.06"]
[Round "-"]
[White "abuteague"]
[Black "demitri"]
[Result "0-1"]
[WhiteCountry "USA"]
[BlackCountry "USA"]
[WhiteElo "1656"]
[WhiteRD "89"]
[BlackElo "1695"]
[BlackRD "87"]
[GameID "720435"]

1. d4 Nf6 2. Bg5 Ne4 3. Bf4 e6 4. e3 d5 5. Bd3 Bd6 6. Bxd6 cxd6 7. Nf3 O-O 8. O-O Nc6 9. Nbd2 f5 10. a3 a6
11. c4 Qf6 12. cxd5 exd5 13. b4 Be6 14. Qc2 Rac8 15. Qb2 f4 16. Nxe4 dxe4 17. Bxe4 d5 18. Bd3 Bg4 19. Ne5 Nxe5 20. dxe5 Qe6
21. f3 Bf5 22. Bxf5 Rxf5 23. exf4 Rxf4 24. Rac1 Rcc4 25. Rfd1 Rxc1 26. Rxc1 d4 27. Rc5 b6 28. Rc7 Qxe5 29. Qb3+ Kf8 30. Rc8+ Ke7
31. Qd1 Qe3+ 32. Kh1 d3 33. Rc3 Rd4 34. h3 Rd6 35. Rc4 Re6 36. Rc3 Qe1+ 37. Qxe1 Rxe1+ 38. Kh2 d2
0-1

[Event "FH 0"]
[Site "SchemingMind.com"]
[Date "2022.02.06"]
[Round "-"]
[White "demitri"]
[Black "Chessibelle"]
[Result "1-0"]
[WhiteCountry "USA"]
[BlackCountry "ENG"]
[WhiteElo "1768"]
[WhiteRD "87"]
[BlackElo "1071"]
[BlackRD "63"]
[GameID "720436"]

1. e4 e5 2. Nf3 d6 3. d4 Nf6 4. dxe5 Nxe4 5. exd6 Nxd6 6. Be2 h6 7. O-O Be7 8. Nc3 O-O 9. Bf4 b6 10. Re1 c5
11. Nd5 Nc6 12. Nxe7+ Qxe7 13. Bxd6 Qf6 14. Bxf8 Kxf8 15. Bb5 Bb7 16. c3 Kg8 17. Qd7 Bc8 18. Re8+ Kh7 19. Rxc8 Ne5 20. Nxe5
1-0

[Event "FH 0"]
[Site "SchemingMind.com"]
[Date "2022.02.06"]
[Round "-"]
[White "demitri"]
[Black "JAHI"]
[Result "0-1"]
[WhiteCountry "USA"]
[BlackCountry "INT"]
[WhiteElo "1677"]
[WhiteRD "83"]
[BlackElo "2156"]
[BlackRD "66"]
[GameID "720437"]

1. e4 a6 2. Nf3 g6 3. Bc4 Bg7 4. O-O Kf8 5. d4 Nc6 6. c3 h6 7. Bf4 g5 8. Bg3 d6 9. b4 Bg4 10. Nbd2 Nf6
11. h3 Bxf3 12. Qxf3 h5 13. Qe2 h4 14. Bh2 Qd7 15. Rfe1 e6 16. a4 Kg8 17. f4 gxf4 18. Bxf4 e5 19. Bg5 Nh5 20. b5 Na5
21. Bd5 exd4 22. Nf3 dxc3 23. Nxh4 Nf4 24. Qf2 Ne6 25. Bf6 Bxf6 26. Qxf6 Qd8 27. Qxc3 Rxh4 28. Qxa5 Nf4 29. Bxb7 Qg5 30. Ra2 Nxh3+
0-1

[Event "FH 0"]
[Site "SchemingMind.com"]
[Date "2022.02.04"]
[Round "-"]
[White "capablanca"]
[Black "Vanycuba"]
[Result "0-1"]
[WhiteCountry "GER"]
[BlackCountry "CUB"]
[WhiteElo "1669"]
[WhiteRD "85"]
[BlackElo "1967"]
[BlackRD "129"]
[GameID "720440"]

1. e4 d6 2. d4 Nf6 3. Nc3 e5 4. dxe5 dxe5 5. Qxd8+ Kxd8 6. Bg5 Nd7 7. O-O-O c6 8. Bc4 Ke8 9. f3 b5 10. Bb3 Nc5
11. Be3 a5 12. Bxc5 Bxc5 13. a4 b4 14. Nb1 Be3+ 15. Nd2 Ke7 16. c3 bxc3 17. bxc3 Rd8 18. Kc2 Ba6 19. Nh3 Bd3+ 20. Kb2 Rab8
21. Rhe1 Bxd2 22. Rxd2 Bc4 23. Rxd8 Kxd8
0-1

[Event "FH 0"]
[Site "SchemingMind.com"]
[Date "2022.02.03"]
[Round "-"]
[White "Kenny Elliott"]
[Black "Vanycuba"]
[Result "0-1"]
[WhiteCountry "USA"]
[BlackCountry "CUB"]
[WhiteElo "1512"]
[WhiteRD "71"]
[BlackElo "1967"]
[BlackRD "129"]
[GameID "720441"]

1. d4 Nf6 2. c4 e6 3. Nc3 Bb4 4. Bd2 O-O 5. Qb3 c5 6. dxc5 Bxc5 7. Nf3 d5 8. Bg5 dxc4 9. Qxc4 Nbd7 10. Ne4 Nxe4
11. Bxd8 Bxf2+ 12. Kd1 Rxd8 13. Kc2 Ndf6 14. e3 Bd7 15. Qb4 a5 16. Qe7 Nd5 17. Qa3 Nb4+ 18. Kb1 e5 19. Bc4 Bf5 20. Bxf7+ Kxf7
21. Qb3+ Kf6 22. Qc4 Nc3+ 23. Kc1 Bxe3+
0-1

[Event "FH 0"]
[Site "SchemingMind.com"]
[Date "2022.02.03"]
[Round "-"]
[White "Vanycuba"]
[Black "Derek Price"]
[Result "1-0"]
[WhiteCountry "CUB"]
[BlackCountry "ENG"]
[WhiteElo "2232"]
[WhiteRD "103"]
[BlackElo "2334"]
[BlackRD "74"]
[GameID "720442"]

1. e4 c5 2. Nf3 d6 3. d4 cxd4 4. Nxd4 Nf6 5. Nc3 a6 6. Bg5 e6 7. f4 Be7 8. Qf3 Qc7 9. O-O-O Nbd7 10. g4 b5
11. Bxf6 Nxf6 12. g5 Nd7 13. f5 Nc5 14. f6 gxf6 15. gxf6 Bf8 16. Rg1 h5 17. a3 Qb6 18. Kb1 b4 19. axb4 Qxb4 20. e5 Rb8
21. b3 Bb7 22. Qe3 Bh6 23. Qe1 d5 24. Be2 Bf8 25. Rg5 Rc8 26. Kb2 Ne4 27. Nxe4 Qxe1 28. Rxe1 dxe4 29. c3 h4 30. Reg1 Kd7
31. Rh5 Rh6 32. b4 e3 33. Rg8 Rxh5 34. Bxh5 Bh6 35. Bxf7 Bd5 36. Rg7 Kd8 37. Rh7 e2 38. Nxe2 Be3 39. Bg6 Bg5 40. Bd3 a5
41. Rh8+ Kc7 42. Rxc8+ Kxc8 43. bxa5 Bh6 44. Ka3 Kc7 45. Nd4 Kd7 46. Bb5+ Kc7 47. c4 Be4 48. Nxe6+ Kc8 49. f7 Bf5 50. f8=Q+ Bxf8+
51. Nxf8 Kd8 52. Kb4 Ke7 53. a6 Kxf8 54. Kc5 Bc8 55. a7
1-0

[Event "FH 0"]
[Site "SchemingMind.com"]
[Date "2022.02.03"]
[Round "-"]
[White "grabapawn"]
[Black "Vanycuba"]
[Result "0-1"]
[WhiteCountry "USA"]
[BlackCountry "CUB"]
[WhiteElo "1536"]
[WhiteRD "66"]
[BlackElo "1967"]
[BlackRD "129"]
[GameID "720443"]

1. f4 d5 2. b3 Bg4 3. Bb2 e6 4. g3 Nc6 5. h3 Bh5 6. Bg2 Nge7 7. g4 Bg6 8. d3 h5 9. e3 d4 10. e4 f6
11. Bf3 hxg4 12. hxg4 Rxh1 13. Bxh1 Qd6 14. Nh3 Bf7 15. Na3 Qd7 16. Qf3 O-O-O 17. Nc4 e5 18. O-O-O b5 19. Na3 exf4 20. e5 fxe5
21. Nxb5 Bd5 22. Qe2 Bxh1 23. Rxh1 Qd5
0-1

[Event "FH 0"]
[Site "SchemingMind.com"]
[Date "2022.02.08"]
[Round "-"]
[White "Vanycuba"]
[Black "Michael Christensen"]
[Result "1-0"]
[WhiteCountry "CUB"]
[BlackCountry "GER"]
[WhiteElo "2232"]
[WhiteRD "103"]
[BlackElo "1796"]
[BlackRD "85"]
[GameID "720444"]

1. e4 b6 2. d4 Bb7 3. Bd3 e6 4. Nc3 Nf6 5. Nf3 Bb4 6. Qe2 d5 7. exd5 Nxd5 8. Bd2 Nxc3 9. bxc3 Be7 10. h4 Nc6
11. a4 a5 12. O-O O-O 13. Ng5 Bxg5 14. Qe4 g6 15. Bxg5 Qd6 16. h5 Nd8 17. Qh4 Qc6 18. f3 Qxc3 19. Bf6 Qd2 20. Rfe1 Qh6
21. Re5 Nc6 22. Rg5 Rfe8 23. hxg6
1-0

[Event "FH 0"]
[Site "SchemingMind.com"]
[Date "2022.02.03"]
[Round "-"]
[White "Vanycuba"]
[Black "abuteague"]
[Result "1-0"]
[WhiteCountry "CUB"]
[BlackCountry "USA"]
[WhiteElo "1967"]
[WhiteRD "129"]
[BlackElo "1684"]
[BlackRD "92"]
[GameID "720445"]

1. e4 d6 2. d4 Nf6 3. Nc3 c6 4. f4 Qa5 5. Bd3 e5 6. Nf3 Bg4 7. Be3 Be7 8. h3 Bxf3 9. Qxf3 exf4 10. Bxf4 O-O
11. O-O-O b5 12. e5 dxe5 13. dxe5 Nd5 14. Nxd5 cxd5 15. Qxd5 Nc6 16. Qxc6 Qxa2 17. Qxb5 Rab8 18. Bc4 Qa1+ 19. Kd2 Qxb2 20. Qxb2 Rxb2
21. Bb3 Rd8+ 22. Kc1 Rxd1+ 23. Rxd1
1-0

[Event "FH 0"]
[Site "SchemingMind.com"]
[Date "2022.02.03"]
[Round "-"]
[White "Chessibelle"]
[Black "Vanycuba"]
[Result "0-1"]
[WhiteCountry "ENG"]
[BlackCountry "CUB"]
[WhiteElo "1030"]
[WhiteRD "65"]
[BlackElo "1967"]
[BlackRD "129"]
[GameID "720446"]

1. Nf3 d5 2. d4 Nf6 3. h3 e6 4. Bd2 c5 5. g4 cxd4 6. Nxd4 e5 7. Nf3 Nc6 8. e3 h5 9. g5 Ne4 10. Bc1 Be6
11. b3 Bb4+ 12. Nbd2 Nc3
0-1

[Event "FH 0"]
[Site "SchemingMind.com"]
[Date "2022.02.03"]
[Round "-"]
[White "JAHI"]
[Black "Vanycuba"]
[Result "0-1"]
[WhiteCountry "INT"]
[BlackCountry "CUB"]
[WhiteElo "2138"]
[WhiteRD "64"]
[BlackElo "2175"]
[BlackRD "107"]
[GameID "720447"]

1. f3 e5 2. e3 d5 3. f4 exf4 4. exf4 Nf6 5. Nf3 Bd6 6. g3 O-O 7. Bg2 Re8+ 8. Kf1 Nc6 9. d3 Ne7 10. Kg1 Nf5
11. Na3 Qe7 12. d4 Ne3 13. Qe2 Nxg2 14. Qxg2 Bg4 15. Ne5= Bxa3 16. bxa3 Bf5 17. Bb2 Qe6 18. h3 Be4 19. Nf3 Qb6 20. Bc3 Qa6
21. Bb2 Re6 22. Rf1 Rae8 23. Bc1 Rc6 24. Rh2 Rc3 25. Bd2 Rxc2 26. Qf2 Qxa3 27. Ne1 Rxa2 28. Bb4 Rxf2 29. Bxa3 Rxh2 30. Kxh2 h5
31. Bb4 b6 32. Rf2 a5 33. Bc3 Re6 34. Ra2 Rc6 35. Ra3 a4 36. Ba1 Rc1 37. Bc3 b5 38. Kg1 Rb1 39. Ba5 Bf5 40. Kg2 Rb2+
41. Kg1 Bxh3 42. Ra1 Rb3 43. Bxc7 Rxg3+ 44. Kf2 Ne4+ 45. Ke2 Bg4+ 46. Kf1 Bh3+ 47. Ke2 Bf5 48. Bd8 f6 49. Kf1 h4 50. Ba5 h3
51. Ra2 b4 52. Rh2 Bd7 53. Ke2 a3 54. Kd1 Rg2 55. Nxg2 a2 56. Ne3 a1=Q+ 57. Kc2 Ba4+ 58. Kd3 Qa3+ 59. Ke2 Qa2+ 60. Kf3 Qxh2
61. Nxd5 Bd1+ 62. Kxe4 Qc2+ 63. Ke3 Qe2#
0-1

[Event "FH 0"]
[Site "SchemingMind.com"]
[Date "2022.02.08"]
[Round "-"]
[White "demitri"]
[Black "Vanycuba"]
[Result "0-1"]
[WhiteCountry "USA"]
[BlackCountry "CUB"]
[WhiteElo "1677"]
[WhiteRD "83"]
[BlackElo "2232"]
[BlackRD "103"]
[GameID "720448"]

1. e4 c6 2. Nf3 d5 3. e5 Bf5 4. Be2 e6 5. O-O Nd7 6. d4 Ne7 7. Be3 Qb6 8. Qc1 Bg4 9. Nc3 Nf5 10. Na4 Qb4
11. b3 Bxf3 12. c3 Qxa4 13. bxa4 Bxe2 14. Re1 Ba6 15. g4 Nh4 16. Qd1 Be7 17. f4 h5 18. g5 g6 19. a5 Nf5 20. Bd2 O-O
21. Qa4 Rac8 22. Bc1 Rc7 23. Ba3 c5 24. Rad1 Rfc8
0-1

[Event "FH 0"]
[Site "SchemingMind.com"]
[Date "2022.02.08"]
[Round "-"]
[White "ClogViking"]
[Black "Vanycuba"]
[Result "0-1"]
[WhiteCountry "NOR"]
[BlackCountry "CUB"]
[WhiteElo "1622"]
[WhiteRD "88"]
[BlackElo "2175"]
[BlackRD "107"]
[GameID "720449"]

1. e4 c5 2. Nf3 d6 3. b4 cxb4 4. d4 Nf6 5. Bd3 Nc6 6. c4 Bg4 7. Be3 g6 8. h3 Bxf3 9. Qxf3 Bg7 10. Nd2 Nd7
11. h4 Nxd4 12. Bxd4 Bxd4 13. Rb1 Bc3 14. Qe2 Qa5 15. O-O Qxa2 16. Nf3 Qxe2 17. Bxe2 Nc5 18. Rfd1 a5 19. Nd2 a4 20. Ra1 a3
21. Rdb1 a2 22. Rc1 Bxa1 23. Rxa1 b3
0-1

[Event "FH 0"]
[Site "SchemingMind.com"]
[Date "2022.02.03"]
[Round "-"]
[White "ClogViking"]
[Black "Kenny Elliott"]
[Result "0-1"]
[WhiteCountry "NOR"]
[BlackCountry "USA"]
[WhiteElo "1622"]
[WhiteRD "88"]
[BlackElo "1515"]
[BlackRD "74"]
[GameID "720451"]

1. e4 c5 2. Nf3 d6 3. b4 Bg4 4. bxc5 dxc5 5. c3 e5 6. Bb5+ Nd7 7. Qa4 Bxf3 8. gxf3 Nf6 9. Na3 a6 10. Bxd7+ Nxd7
11. Qb3 b5 12. c4 b4 13. Nc2 Be7 14. Ne3 Nb6 15. Bb2 O-O 16. Nd5 Nxd5 17. exd5 Bd6
0-1

[Event "FH 0"]
[Site "SchemingMind.com"]
[Date "2022.02.03"]
[Round "-"]
[White "Derek Price"]
[Black "ClogViking"]
[Result "1-0"]
[WhiteCountry "ENG"]
[BlackCountry "NOR"]
[WhiteElo "2344"]
[WhiteRD "73"]
[BlackElo "1622"]
[BlackRD "88"]
[GameID "720452"]

1. c4 d6 2. d4 Nf6 3. Nf3 Nbd7 4. Nc3 e5 5. e4 Be7 6. Be2 h6 7. Qc2 c6 8. h3 Qc7 9. Be3 a5 10. O-O-O exd4
11. Nxd4 Ne5 12. f4 Ng6 13. g4 Bd7 14. Nf5 Bxf5 15. gxf5
1-0

[Event "FH 0"]
[Site "SchemingMind.com"]
[Date "2022.02.03"]
[Round "-"]
[White "ClogViking"]
[Black "Chessibelle"]
[Result "1-0"]
[WhiteCountry "NOR"]
[BlackCountry "ENG"]
[WhiteElo "1713"]
[WhiteRD "85"]
[BlackElo "1030"]
[BlackRD "65"]
[GameID "720454"]

1. e4 e5 2. Bc4 Nf6 3. d4 Be7 4. Nf3 h6 5. dxe5 c5 6. exf6 Bxf6 7. O-O O-O 8. e5 Be7 9. Nc3 d6 10. Bf4 Nd7
11. exd6 Bf6 12. Qd2 Rb8 13. Rab1 b6 14. Ne4 Bb7 15. Rfe1 Kh7 16. c3 Qe8 17. Nxf6+ Nxf6 18. Rxe8 Rbxe8 19. Re1 Rd8 20. Qc2+ Kh8
21. Ne5 g5 22. Nxf7+ Kg7 23. Nxd8 Rxd8 24. Re7+ Kf8 25. Qg6 gxf4 26. Qg7#
1-0

[Event "FH 0"]
[Site "SchemingMind.com"]
[Date "2022.02.03"]
[Round "-"]
[White "ClogViking"]
[Black "JAHI"]
[Result "0-1"]
[WhiteCountry "NOR"]
[BlackCountry "INT"]
[WhiteElo "1622"]
[WhiteRD "88"]
[BlackElo "2138"]
[BlackRD "64"]
[GameID "720455"]

1. e4 a6 2. Bc4 Nc6 3. Nf3 g6 4. d4 Bg7 5. c3 Kf8 6. Ng5 e6 7. e5 h6 8. Nh3 b6 9. O-O Bb7 10. f4 Nge7
11. g4 h5 12. g5 d6 13. Nd2 Nf5
0-1